=LDR 00000nam 2200000 4500 =001 INLIS000000000810572 =005 20260609094204 =035 ##$$a 0010-0626000009 =007 ta =008 260609################g##########0#ind## =020 ##$$a 9786239694005 =082 ##$$a 959.8037 =084 ##$$a 959.8037 DHI m =100 #$$a Dhianita Kusuma Pertiwi (Pengarang) =245 1#$$a Mengenal Orde baru =250 ##$$a Cet. 1 =260 ##$$a Yogyakarta :$b Buku Mojo Group,$c 2021 =300 ##$$a xx + 586 hlm. : $b ilustrasi ; $c 14 X 21 cm =700 #$$a Aristayanu Bagus ( Penyunting ) =500 ##$$a Buku ini merupakan hibah dari santri kelas XII Angkatan 3 =650 #4$$a aspek sejarah (kronologi peristiwa) =990 ##$$a 00000005520 =990 ##$$a 00000005521